<?xml version="1.0" encoding="UTF-8"?>
<record
    xmlns:xsi="http://www.w3.org/2001/XMLSchema-instance"
    xsi:schemaLocation="http://www.loc.gov/MARC21/slim http://www.loc.gov/standards/marcxml/schema/MARC21slim.xsd"
    xmlns="http://www.loc.gov/MARC21/slim">

  <leader>01735nam0a2200349 i 4500</leader>
  <controlfield tag="001">RU\NLR\BIBL_A\011244832</controlfield>
  <controlfield tag="005">20260406143640.0</controlfield>
  <datafield tag="021" ind1=" " ind2=" ">
    <subfield code="a">RU</subfield>
    <subfield code="b">2017-9092</subfield>
    <subfield code="9">664</subfield>
  </datafield>
  <datafield tag="035" ind1=" " ind2=" ">
    <subfield code="a">(NLR Aleph) 011244832</subfield>
  </datafield>
  <datafield tag="090" ind1=" " ind2=" ">
    <subfield code="a">12137563</subfield>
    <subfield code="c">12137563</subfield>
  </datafield>
  <datafield tag="100" ind1=" " ind2=" ">
    <subfield code="a">20161014d2016    k  y0rusy50      ca</subfield>
  </datafield>
  <datafield tag="101" ind1="2" ind2=" ">
    <subfield code="a">rus</subfield>
    <subfield code="a">eng</subfield>
  </datafield>
  <datafield tag="102" ind1=" " ind2=" ">
    <subfield code="a">RU</subfield>
  </datafield>
  <datafield tag="105" ind1=" " ind2=" ">
    <subfield code="a">cha z   010gy</subfield>
  </datafield>
  <datafield tag="200" ind1="1" ind2=" ">
    <subfield code="a">&#x421;&#x43E;&#x43D;&#x435;&#x442;&#x44B;</subfield>
    <subfield code="d">Sonnets</subfield>
    <subfield code="f">&#x423;&#x438;&#x43B;&#x44C;&#x44F;&#x43C; &#x428;&#x435;&#x43A;&#x441;&#x43F;&#x438;&#x440;</subfield>
    <subfield code="g">&#x43F;&#x43E;&#x434;&#x433;&#x43E;&#x442;&#x43E;&#x432;&#x438;&#x43B;&#x438; &#x410;. &#x41D;. &#x413;&#x43E;&#x440;&#x431;&#x443;&#x43D;&#x43E;&#x432; [&#x438; &#x434;&#x440;.</subfield>
    <subfield code="g">&#x420;&#x43E;&#x441;&#x441;&#x438;&#x439;&#x441;&#x43A;&#x430;&#x44F; &#x430;&#x43A;&#x430;&#x434;&#x435;&#x43C;&#x438;&#x44F; &#x43D;&#x430;&#x443;&#x43A;]</subfield>
    <subfield code="z">eng</subfield>
  </datafield>
  <datafield tag="210" ind1=" " ind2=" ">
    <subfield code="a">&#x41C;&#x43E;&#x441;&#x43A;&#x432;&#x430;</subfield>
    <subfield code="c">&#x41D;&#x430;&#x443;&#x43A;&#x430;</subfield>
    <subfield code="d">2016</subfield>
  </datafield>
  <datafield tag="215" ind1=" " ind2=" ">
    <subfield code="a">884 &#x441;., [9] &#x43B;. &#x438;&#x43B;., &#x43F;&#x43E;&#x440;&#x442;&#x440;., &#x444;&#x430;&#x43A;&#x441;.</subfield>
    <subfield code="c">&#x43F;&#x43E;&#x440;&#x442;&#x440;., &#x444;&#x430;&#x43A;&#x441;.</subfield>
    <subfield code="d">22</subfield>
  </datafield>
  <datafield tag="225" ind1="1" ind2=" ">
    <subfield code="a">&#x41B;&#x438;&#x442;&#x435;&#x440;&#x430;&#x442;&#x443;&#x440;&#x43D;&#x44B;&#x435; &#x43F;&#x430;&#x43C;&#x44F;&#x442;&#x43D;&#x438;&#x43A;&#x438;</subfield>
    <subfield code="e">&#x41B;&#x41F;</subfield>
    <subfield code="f">&#x43E;&#x441;&#x43D;&#x43E;&#x432;&#x430;&#x43D;&#x430; &#x430;&#x43A;&#x430;&#x434;. &#x421;. &#x418;. &#x412;&#x430;&#x432;&#x438;&#x43B;&#x43E;&#x432;&#x44B;&#x43C;</subfield>
    <subfield code="f">&#x440;&#x435;&#x434;&#x43A;&#x43E;&#x43B;.: ... &#x410;. &#x411;. &#x41A;&#x443;&#x434;&#x435;&#x43B;&#x438;&#x43D; (&#x43F;&#x440;&#x435;&#x434;.) &#x438; [&#x434;&#x440;.]</subfield>
  </datafield>
  <datafield tag="300" ind1=" " ind2=" ">
    <subfield code="a">&#x410;&#x432;&#x442;. &#x442;&#x430;&#x43A;&#x436;&#x435; &#x43D;&#x430; &#x430;&#x43D;&#x433;&#x43B;. &#x44F;&#x437;.: William Shakespeare</subfield>
  </datafield>
  <datafield tag="300" ind1=" " ind2=" ">
    <subfield code="a">&#x422;&#x435;&#x43A;&#x441;&#x442; &#x441;&#x43E;&#x43D;&#x435;&#x442;&#x43E;&#x432; &#x43D;&#x430; &#x430;&#x43D;&#x433;&#x43B;. &#x438; &#x440;&#x443;&#x441;. &#x44F;&#x437;.</subfield>
  </datafield>
  <datafield tag="300" ind1=" " ind2=" ">
    <subfield code="a">&#x412; &#x43A;&#x43E;&#x43D;&#x446;&#x435; &#x43A;&#x43D;.: &#x418;&#x437;&#x434;. &#x43F;&#x440;&#x438;&#x443;&#x440;&#x43E;&#x447;&#x435;&#x43D;&#x43E; &#x43A; &#x433;&#x43E;&#x434;&#x443; &#x430;&#x43D;&#x433;&#x43B;. &#x44F;&#x437;. &#x432; &#x420;&#x43E;&#x441;&#x441;&#x438;&#x438; (2016) &#x438; 400-&#x43B;&#x435;&#x442;&#x43D;&#x435;&#x43C;&#x443; &#x44E;&#x431;&#x438;&#x43B;&#x435;&#x44E; &#x441;&#x43E; &#x434;&#x43D;&#x44F; &#x441;&#x43C;&#x435;&#x440;&#x442;&#x438; &#x43F;&#x43E;&#x44D;&#x442;&#x430;</subfield>
  </datafield>
  <datafield tag="320" ind1=" " ind2=" ">
    <subfield code="a">&#x411;&#x438;&#x431;&#x43B;&#x438;&#x43E;&#x433;&#x440;. &#x432; &#x43F;&#x440;&#x438;&#x43C;&#x435;&#x447;.: &#x441;. 770-868 &#x438; &#x432; &#x43F;&#x43E;&#x434;&#x441;&#x442;&#x440;&#x43E;&#x447;. &#x43F;&#x440;&#x438;&#x43C;&#x435;&#x447;.</subfield>
  </datafield>
  <datafield tag="510" ind1="1" ind2=" ">
    <subfield code="6">z22 790</subfield>
    <subfield code="a">Sonnets</subfield>
    <subfield code="z">eng</subfield>
  </datafield>
  <datafield tag="686" ind1="1" ind2=" ">
    <subfield code="a">&#x428;6(4&#x412;&#x43B;)43-5{&#x41B;&#x445;1293-175}</subfield>
  </datafield>
  <datafield tag="686" ind1="1" ind2=" ">
    <subfield code="a">&#x428;6(4&#x412;&#x43B;)437-5{&#x41B;&#x445;1293-175}</subfield>
  </datafield>
  <datafield tag="700" ind1=" " ind2="1">
    <subfield code="8">rus</subfield>
    <subfield code="7">ca</subfield>
    <subfield code="a">&#x428;&#x435;&#x43A;&#x441;&#x43F;&#x438;&#x440;</subfield>
    <subfield code="b">&#x423;.</subfield>
    <subfield code="f">1564-1616</subfield>
    <subfield code="g">&#x423;&#x438;&#x43B;&#x44C;&#x44F;&#x43C;</subfield>
    <subfield code="3">RU\NLR\AUTH\771995</subfield>
    <subfield code="9">112012</subfield>
  </datafield>
  <datafield tag="790" ind1=" " ind2="1">
    <subfield code="8">eng</subfield>
    <subfield code="7">ba</subfield>
    <subfield code="a">Shakespeare</subfield>
    <subfield code="b">W.</subfield>
    <subfield code="f">1564-1616</subfield>
    <subfield code="g">William</subfield>
    <subfield code="3">RU\NLR\AUTH\773797</subfield>
    <subfield code="9">113789</subfield>
  </datafield>
  <datafield tag="942" ind1=" " ind2=" ">
    <subfield code="c">BOOK</subfield>
  </datafield>
  <datafield tag="980" ind1=" " ind2=" ">
    <subfield code="a">NBR</subfield>
  </datafield>
</record>
